[Event "Hamburg Robinow op"]
[Site "Hamburg"]
[Date "2005.10.07"]
[Round "7"]
[White "Lengler, Ole"]
[Black "Soba, Mario"]
[Result "0-1"]
[WhiteElo "1296"]
[BlackElo "1563"]
[PlyCount "102"]
[EventDate "2005.10.01"]
[EventType "swiss"]
[EventRounds "9"]
[EventCountry "GER"]
[SourceTitle "CBM 108 Extra"]
[Source "ChessBase"]
[SourceDate "2005.11.04"]
[SourceVersion "1"]
[SourceVersionDate "2005.11.04"]
[SourceQuality "1"]

1. e4 e6 2. d4 b6 3. c4 c6 4. Nc3 Bb4 5. a3 Bxc3+ 6. bxc3 Ba6 7. Nf3 Ne7 8. Bd3 0-0 9. Bg5 f6 10. Bf4 Re8 11. Bd6 Bb7 12. 0-0 Na6 13. Rb1 Nc7 14. Nh4 Rf8 15. Qh5 Rf7 16. e5 f5 17. Qg5 Ne8 18. Bxe7 Qxe7 19. Qxe7 Rxe7 20. c5 Nc7 21. cxb6 Nd5 22. bxa7 Rxa7 23. Rb3 Re8 24. Rfb1 Bc8 25. g3 Rd8 26. Nf3 Kf7 27. c4 Ne7 28. c5 Ba6 29. Nd2 Rda8 30. Bxa6 Rxa6 31. Nc4 Nd5 32. Rb7 Rd8 33. R1b3 Ke7 34. Nb6 g5 35. Nxd5+ exd5 36. R7b6 Ra5 37. Rd3 Rda8 38. Rbb3 Ra4 39. Kf1 Rc4 40. Rbc3 Ke6 41. Ke2 h5 42. Ke3 Rh8 43. f3 h4 44. g4 fxg4 45. fxg4 Rf8 46. h3 Rf4 47. Rb3 Re4+ 48. Kd2 Rexd4 49. Rxd4 Rxd4+ 50. Rd3 Kxe5 51. Rxd4 Kxd4 0-1